000 00793nam a2200205 i 4500
001 164208
003 ES-MaACL
005 20250815164243.0
008 050728s1899 xxkf | |||||||| ||eng d
040 _aCAM
_bspa
_cCAM
245 0 0 _aRuskin, Rossetti, preraphaelitism
_b: papers 1854 to 1862 /
_carranged and edited by William Michael Rossetti; with illustrations.
260 _aLondon :
_bGeorge Allen,
_c1899.
300 _aXX, 327 p. , [11] h. de lám. ;
_c20 cm.
600 1 4 _aRossetti, Dante Gabriel.
_999854
600 0 4 _aRuskin, John,
_d1819-1900
_9101026
650 7 _aPrerrafaelismo
_2embne
_9136762
700 0 _aRossetti, William Michael.
_999855
852 _aES-MaACL
_jF-8036
_z-- enc. tela verde con estampaciones en negro y dorado
999 _c164208
_d164208